[Event "Bremen Silvester op-A"]
[Site "Bremen"]
[Date "2022.12.28"]
[Round "4"]
[White "Kroencke, Manfred"]
[Black "Hentrop, Malte"]
[Result "1-0"]
[WhiteElo "2029"]
[BlackElo "1806"]
[PlyCount "97"]
[EventDate "2022.12.27"]
[EventType "swiss"]
[EventRounds "7"]
[EventCountry "GER"]
[SourceTitle "CBM 211 Extra"]
[Source "ChessBase"]
[SourceDate "2023.01.31"]
[SourceVersion "1"]
[SourceVersionDate "2023.01.31"]
[SourceQuality "1"]

1. e4 e5 2. Nf3 Nc6 3. Nc3 Nf6 4. Bb5 Bb4 5. 0-0 0-0 6. d3 d5 7. exd5 Nxd5 8. Nxd5 Qxd5 9. Bxc6 bxc6 10. h3 Bf5 11. Bd2 Bxd2 12. Nxd2 Rab8 13. b3 Rfe8 14. Re1 Re6 15. Qf3 Qxf3 16. Nxf3 f6 17. Nh4 Bg6 18. Nxg6 hxg6 19. Re4 c5 20. Rae1 Rb4 21. f4 Rxe4 22. Rxe4 Ra6 23. fxe5 Rxa2 24. Rc4 Ra5 25. exf6 gxf6 26. Kf2 Kf7 27. h4 Ke6 28. Ke3 Kf5 29. Kf3 Rb5 30. g4+ Ke6 31. h5 gxh5 32. gxh5 Kf5 33. Rf4+ Kg5 34. h6 Rb8 35. Rc4 Kxh6 36. Rxc5 Rc8 37. Ra5 Ra8 38. Kf4 Kg6 39. Ra6 Rb8 40. Rxa7 Rb4+ 41. Kf3 c6 42. Ra6 Kg5 43. Rxc6 f5 44. Rc4 Rb8 45. b4 Rh8 46. b5 Rh1 47. Rb4 f4 48. b6 Rh3+ 49. Kg2 1-0

[Event "Itzehoe op"]
[Site "Itzehoe"]
[Date "2022.10.02"]
[Round "3"]
[White "Golke, Philipp"]
[Black "Hentrop, Malte"]
[Result "0-1"]
[WhiteElo "1377"]
[BlackElo "1808"]
[PlyCount "90"]
[EventDate "2022.10.01"]
[EventType "swiss"]
[EventRounds "5"]
[EventCountry "GER"]
[SourceTitle "CBM 210 Extra"]
[Source "ChessBase"]
[SourceDate "2022.11.30"]
[SourceVersion "1"]
[SourceVersionDate "2022.11.30"]
[SourceQuality "1"]

1. e4 e5 2. Nf3 Nc6 3. Bc4 Bc5 4. d3 h6 5. Nc3 Nf6 6. Bd2 d6 7. Na4 Bb6 8. Nxb6 axb6 9. a3 0-0 10. 0-0 Ne7 11. Re1 Ng6 12. Ba2 Bg4 13. h3 Bh5 14. Be3 Nh4 15. Kf1 Bxf3 16. gxf3 Qd7 17. Ke2 Qxh3 18. Rh1 Qxf3+ 19. Kd2 Qxd1+ 20. Raxd1 Nf3+ 21. Ke2 Nd4+ 22. Kd2 Ne6 23. Bxh6 gxh6 24. Rxh6 Kg7 25. Rh2 Rg8 26. Rg1+ Kf8 27. Rxg8+ Kxg8 28. Rh6 Kg7 29. Rh1 Rh8 30. Rg1+ Kf8 31. Bxe6 fxe6 32. Rg6 Kf7 33. Rg2 Rh3 34. Kc3 d5 35. exd5 exd5 36. Rg5 Ke6 37. Rg7 Kd6 38. Rg6 Rf3 39. Rg2 Ne4+ 40. Kb4 Rxf2 41. Rg6+ Rf6 42. Rxf6+ Nxf6 43. c3 Ng4 44. b3 Nf2 45. d4 e4 0-1

[Event "Bremen Silvester op"]
[Site "Bremen"]
[Date "2021.12.28"]
[Round "4"]
[White "Teichert, Felix"]
[Black "Hentrop, Malte"]
[Result "1-0"]
[WhiteElo "2050"]
[BlackElo "1790"]
[PlyCount "99"]
[EventDate "2021.12.21"]
[EventType "swiss"]
[EventRounds "7"]
[EventCountry "GER"]
[SourceTitle "CBM 205 Extra"]
[Source "ChessBase"]
[SourceDate "2022.01.31"]
[SourceVersion "1"]
[SourceVersionDate "2022.01.31"]
[SourceQuality "1"]

1. d4 d5 2. c4 c6 3. Nf3 Nf6 4. g3 e6 5. Bg2 Bd6 6. b3 Nbd7 7. Bb2 Ne4 8. 0-0 0-0 9. Nc3 f5 10. e3 Ndf6 11. Qc2 Bd7 12. Ne1 Ng4 13. Qe2 Qg5 14. Nf3 Qh6 15. h3 Ngxf2 16. Rxf2 Nxf2 17. Qxf2 g5 18. Ne5 Bxe5 19. dxe5 f4 20. exf4 gxf4 21. Bc1 fxg3 22. Qxg3+ Qg7 23. Qxg7+ Kxg7 24. Bg5 Be8 25. Bf6+ Rxf6 26. exf6+ Kxf6 27. Rf1+ Ke5 28. Re1+ Kd4 29. Ne2+ Kd3 30. Nf4+ Kc3 31. Re3+ Kd4 32. Kf2 Bf7 33. cxd5 cxd5 34. Nxe6+ Bxe6 35. Rxe6 Rf8+ 36. Ke2 Rc8 37. Kd2 Rg8 38. Bf1 Rg1 39. Rf6 a5 40. Rf4+ Ke5 41. Rf7 Kd4 42. Ke2 Kc3 43. Rxb7 d4 44. Kf2 Rg5 45. Rd7 Kb2 46. Rxd4 Kxa2 47. Bc4 Ka3 48. Rd7 h6 49. Rd6 h5 50. Rd5 1-0

[Event "Langenhagen Summer op 1st"]
[Site "Langenhagen"]
[Date "2019.07.04"]
[Round "2"]
[White "Schomann, Michael"]
[Black "Hentrop, Malte"]
[Result "0-1"]
[WhiteElo "1548"]
[BlackElo "1670"]
[PlyCount "64"]
[EventDate "2019.07.04"]
[EventType "swiss"]
[EventRounds "7"]
[EventCountry "GER"]
[SourceTitle "EXT 2020"]
[Source "ChessBase"]
[SourceDate "2019.10.17"]
[SourceVersion "1"]
[SourceVersionDate "2019.10.17"]
[SourceQuality "1"]

1. d4 d5 2. c4 c6 3. Nf3 Nf6 4. cxd5 cxd5 5. Nc3 e6 6. Bg5 Be7 7. e3 0-0 8. Bd3 a6 9. 0-0 b5 10. a3 Bb7 11. Rc1 Nbd7 12. h3 Rc8 13. Bf4 Nb6 14. Qe2 Ne4 15. Bxe4 dxe4 16. Nd2 Nd5 17. Nxd5 Bxd5 18. Qg4 f5 19. Qg3 Qd7 20. f3 Rxc1 21. Rxc1 Rc8 22. Rxc8+ Qxc8 23. Bc7 Bh4 24. Qxh4 Qxc7 25. Qf2 Qc1+ 26. Nf1 Bc4 27. fxe4 fxe4 28. Qf4 Bxf1 29. Qxf1 Qxe3+ 30. Qf2 Qd3 31. Kh2 h6 32. d5 Qxd5 0-1

[Event "Bremen-ch"]
[Site "Bremen"]
[Date "2019.04.19"]
[Round "8.10"]
[White "Hentrop, Malte"]
[Black "Yavarpoor, Mohammad"]
[Result "0-1"]
[WhiteElo "1710"]
[BlackElo "1834"]
[PlyCount "82"]
[EventDate "2019.04.13"]
[EventType "swiss"]
[EventRounds "9"]
[EventCountry "GER"]
[SourceTitle "EXT 2020"]
[Source "ChessBase"]
[SourceDate "2019.10.17"]
[SourceVersion "1"]
[SourceVersionDate "2019.10.17"]
[SourceQuality "1"]

1. d4 f5 2. c4 e6 3. g3 c6 4. Bg2 d5 5. Nf3 Bd6 6. 0-0 Nf6 7. Nbd2 Nbd7 8. Qc2 0-0 9. c5 Bc7 10. b4 a5 11. bxa5 Bxa5 12. Nb3 Bc7 13. e3 Ne4 14. Bb2 Qe7 15. Ne5 Bxe5 16. dxe5 Ndxc5 17. Bxe4 Nxe4 18. a4 Qc7 19. f3 Ng5 20. Ba3 Re8 21. f4 Ne4 22. Nd4 Bd7 23. Rfb1 c5 24. Nb5 Bxb5 25. Rxb5 b6 26. Rab1 Reb8 27. Bc1 Qa7 28. Ra1 Qa6 29. Qb3 Qa7 30. Bb2 Nd2 31. Qc2 Nc4 32. Bc1 Qd7 33. Kf2 Ra5 34. Rxa5 Nxa5 35. Bd2 d4 36. Bxa5 dxe3+ 37. Ke2 bxa5 38. Rd1 Qc6 39. Kxe3 c4 40. Rd6 Qc5+ 41. Kf3 Qa3+ 0-1

[Event "Bremen-ch"]
[Site "Bremen"]
[Date "2019.04.13"]
[Round "1.21"]
[White "Borbely, Kurt"]
[Black "Hentrop, Malte"]
[Result "0-1"]
[WhiteElo "1091"]
[BlackElo "1710"]
[PlyCount "42"]
[EventDate "2019.04.13"]
[EventType "swiss"]
[EventRounds "9"]
[EventCountry "GER"]
[SourceTitle "EXT 2020"]
[Source "ChessBase"]
[SourceDate "2019.10.17"]
[SourceVersion "1"]
[SourceVersionDate "2019.10.17"]
[SourceQuality "1"]

1. d4 d5 2. Nf3 Nf6 3. Bf4 e6 4. e3 Bd6 5. Bg3 c6 6. Nbd2 Qc7 7. Ne5 Nbd7 8. f4 c5 9. c3 c4 10. Be2 b5 11. b4 a5 12. a3 Bb7 13. Bf3 Ra6 14. 0-0 0-0 15. Qc2 Rfa8 16. Ra2 axb4 17. cxb4 Rxa3 18. Rxa3 Rxa3 19. Re1 Bxb4 20. Qb2 Qa5 21. Ra1 Rxa1+ 0-1

[Event "Bremen-ch op"]
[Site "Bremen"]
[Date "2016.03.21"]
[Round "4"]
[White "Hentrop, Malte"]
[Black "Steingraeber, Hans Joachim"]
[Result "1/2-1/2"]
[WhiteElo "1847"]
[BlackElo "1561"]
[PlyCount "36"]
[EventDate "2016.03.19"]
[EventType "swiss"]
[EventRounds "9"]
[EventCountry "GER"]
[SourceTitle "EXT 2018"]
[Source "ChessBase"]
[SourceDate "2017.10.13"]
[SourceVersion "1"]
[SourceVersionDate "2017.10.13"]
[SourceQuality "1"]

1. e4 e5 2. Nf3 Nc6 3. d4 exd4 4. Nxd4 Qf6 5. Be3 Bc5 6. c3 Nge7 7. Bc4 0-0 8. 0-0 Ne5 9. Be2 a6 10. Nd2 d5 11. f4 Nc4 12. Nxc4 dxc4 13. Bxc4 b5 14. Be2 Bb7 15. Bf3 Rad8 16. e5 Qb6 17. Bxb7 Qxb7 18. Qf3 c6 1/2-1/2

[Event "Niedersachsen-ch op-B"]
[Site "Verden"]
[Date "2012.01.03"]
[Round "3"]
[White "Duessler, Stefanie"]
[Black "Hentrop, Malte"]
[Result "1-0"]
[WhiteElo "1934"]
[BlackElo "1862"]
[PlyCount "51"]
[EventDate "2012.01.02"]
[EventType "swiss"]
[EventRounds "7"]
[EventCountry "GER"]
[SourceTitle "EXT 2021"]
[Source "ChessBase"]
[SourceDate "2020.10.23"]
[SourceVersion "1"]
[SourceVersionDate "2020.10.23"]
[SourceQuality "1"]

1. e4 e5 2. Nf3 Nc6 3. Bb5 a6 4. Ba4 b5 5. Bb3 Be7 6. 0-0 Nf6 7. Re1 0-0 8. h3 d6 9. c3 Re8 10. d4 exd4 11. cxd4 d5 12. e5 Ne4 13. Nbd2 Nxd2 14. Bxd2 Be6 15. Rc1 Qd7 16. Bc2 f6 17. Bf4 fxe5 18. Nxe5 Nxe5 19. Bxe5 Bd6 20. Qh5 h6 21. Qg6 Bxe5 22. Rxe5 Rac8 23. Rce1 Bf7 24. Qh7+ Kf8 25. Qh8+ Bg8 26. Rf5+ 1-0

[Event "Bremen-ch op"]
[Site "Delmenhorst"]
[Date "2011.04.23"]
[Round "4"]
[White "Kuenitz, Bernhard"]
[Black "Hentrop, Malte"]
[Result "0-1"]
[WhiteElo "1898"]
[BlackElo "1865"]
[PlyCount "94"]
[EventDate "2011.04.16"]
[EventType "swiss"]
[EventRounds "9"]
[EventCountry "GER"]
[SourceTitle "EXT 2012"]
[Source "ChessBase"]
[SourceDate "2011.11.24"]
[SourceVersion "1"]
[SourceVersionDate "2011.11.24"]
[SourceQuality "1"]

1. c4 c6 2. Nf3 d5 3. cxd5 cxd5 4. d4 Nf6 5. g3 e6 6. Bg2 Bd6 7. Nc3 Nc6 8. 0-0 0-0 9. a3 a6 10. b4 b5 11. e3 Bb7 12. Ne1 Qb6 13. Bd2 a5 14. bxa5 Rxa5 15. Qb3 b4 16. Nc2 Ba6 17. Rfb1 Bc4 18. Qb2 b3 19. Ne1 Qa6 20. a4 Bb4 21. Nf3 Ra8 22. Ne5 Nxe5 23. dxe5 Nd7 24. Ne4 Bxd2 25. Nxd2 Rxa4 26. Rxa4 Qxa4 27. Nxc4 Qxc4 28. Qxb3 Qxb3 29. Rxb3 Nxe5 30. Bf1 Nf3+ 31. Kg2 Nd2 32. Rb2 Nxf1 33. Kxf1 f6 34. Ke2 Ra7 35. f4 Kf7 36. Kf3 e5 37. f5 g6 38. fxg6+ hxg6 39. h3 Rd7 40. g4 Ke6 41. h4 f5 42. Rb6+ Rd6 43. Rb7 fxg4+ 44. Kxg4 d4 45. exd4 exd4 46. h5 gxh5+ 47. Kxh5 d3 0-1

[Event "Bremen-ch op"]
[Site "Delmenhorst"]
[Date "2011.04.16"]
[Round "1"]
[White "Hentrop, Malte"]
[Black "Pautz, Peter"]
[Result "0-1"]
[WhiteElo "1865"]
[BlackElo "2060"]
[PlyCount "36"]
[EventDate "2011.04.16"]
[EventType "swiss"]
[EventRounds "9"]
[EventCountry "GER"]
[SourceTitle "EXT 2012"]
[Source "ChessBase"]
[SourceDate "2011.11.24"]
[SourceVersion "1"]
[SourceVersionDate "2011.11.24"]
[SourceQuality "1"]

1. d4 e6 2. c4 Nf6 3. Nc3 Bb4 4. a3 Bxc3+ 5. bxc3 0-0 6. Nf3 b6 7. e3 Bb7 8. Bd3 Ne4 9. Qc2 f5 10. 0-0 Rf6 11. Nd2 Ng5 12. f3 Rg6 13. e4 Nh3+ 14. Kh1 Nf4 15. exf5 Rxg2 16. f6 Qxf6 17. Bxh7+ Kh8 18. Rg1 Rxh2+ 0-1

[Event "Niedersachsen-ch op"]
[Site "Verden"]
[Date "2011.01.03"]
[Round "3"]
[White "Hoppe, Andreas"]
[Black "Hentrop, Malte"]
[Result "0-1"]
[WhiteElo "1193"]
[BlackElo "1873"]
[PlyCount "58"]
[EventDate "2011.01.02"]
[EventType "swiss"]
[EventRounds "7"]
[EventCountry "GER"]
[SourceTitle "EXT 2018"]
[Source "ChessBase"]
[SourceDate "2017.10.13"]
[SourceVersion "1"]
[SourceVersionDate "2017.10.13"]
[SourceQuality "1"]

1. d4 d5 2. Bf4 c5 3. e3 e6 4. Nc3 a6 5. Nf3 Nf6 6. Be2 Bd6 7. Bg3 Nc6 8. 0-0 Bxg3 9. fxg3 c4 10. Qd2 b5 11. Rad1 0-0 12. Nh4 b4 13. Nb1 a5 14. Rfe1 Ba6 15. c3 Rb8 16. b3 Qb6 17. cxb4 axb4 18. bxc4 dxc4 19. Qc2 Rfc8 20. Nd2 Na5 21. Rb1 c3 22. Nb3 Bxe2 23. Rxe2 Nc4 24. Qd3 Nb2 25. Qc2 Ra8 26. Ra1 Ra3 27. Nf3 Rca8 28. Qb1 Qa7 29. Nc1 b3 0-1